Working guide to reservoir engineering / (Record no. 16353)
[ view plain ]
| 000 -LEADER | |
|---|---|
| fixed length control field | 00799nam a22001937a 4500 |
| 005 - DATE AND TIME OF LATEST TRANSACTION | |
| control field | 20120131122154.0 |
| 008 - FIXED-LENGTH DATA ELEMENTS--GENERAL INFORMATION | |
| fixed length control field | 120131s2010 mau|||||r|||| 001 0 eng d |
| 082 ## - DEWEY DECIMAL CLASSIFICATION NUMBER | |
| Edition number | 22 |
| Classification number | 622.3382 |
| Item number | LYO |
| 100 ## - MAIN ENTRY--PERSONAL NAME | |
| 9 (RLIN) | 11294 |
| Personal name | Lyons, William C. |
| 245 ## - TITLE STATEMENT | |
| Title | Working guide to reservoir engineering / |
| Statement of responsibility, etc | William C. Lyons. |
| 260 ## - PUBLICATION, DISTRIBUTION, ETC. (IMPRINT) | |
| Place of publication, distribution, etc | Burlington, Mass. : |
| Name of publisher, distributor, etc | Gulf Professional, |
| Date of publication, distribution, etc | 2010. |
| 300 ## - PHYSICAL DESCRIPTION | |
| Extent | x, 316 p. : |
| Other physical details | ill. ; |
| Dimensions | 23 cm. |
| 504 ## - BIBLIOGRAPHY, ETC. NOTE | |
| Bibliography, etc | Includes bibliographical references and index. |
| 650 ## - SUBJECT ADDED ENTRY--TOPICAL TERM | |
| 9 (RLIN) | 19804 |
| Topical term or geographic name as entry element | Oil reservoir engineering. |
| 650 ## - SUBJECT ADDED ENTRY--TOPICAL TERM | |
| 9 (RLIN) | 24686 |
| Topical term or geographic name as entry element | Gas reservoirs. |
| 653 ## - INDEX TERM--UNCONTROLLED | |
| Resource For college | |
| Arrived date list | January2012 |
| 942 ## - ADDED ENTRY ELEMENTS (KOHA) | |
| Source of classification or shelving scheme | Dewey Decimal Classification |
| Item type | Book - Borrowing |
| Withdrawn status | Item status | Source of classification or shelving scheme | Damaged status | Not for loan | Vendor | Home library | Current library | Shelving location | Date acquired | Source of acquisition | Cost, normal purchase price | Serial Enumeration / chronology | Total Checkouts | Total Renewals | Full call number | Barcode | Date last seen | Date last borrowed | Koha item type |
|---|---|---|---|---|---|---|---|---|---|---|---|---|---|---|---|---|---|---|---|
| Dewey Decimal Classification | Baccah | Central Library | Central Library | First floor | 31/01/2012 | 612.00 | 13957 | 7 | 46 | 622.3382 LYO | 000025942 | 15/07/2025 | 01/10/2014 | Book - Borrowing |